| 000 | 00756nam a22001695i 4500 | ||
|---|---|---|---|
| 001 | 68563 | ||
| 003 | ES-MaACL | ||
| 007 | t| | ||
| 008 | 960808s1872 it ||||1| ita d | ||
| 040 |
_aCAM _bspa _cCAM |
||
| 100 | 1 |
_aGarrucci, Raffaele. _955786 |
|
| 245 | 1 | 0 |
_aStoria della arte cristiana _b: nei primi otto scoli della chiesa / _cscritta dal P. Raffaele Garrucci ... e corredata della collezione di tutti i monumenti de pittura e scultura... |
| 260 |
_aPrato : _bFrancesco Giachetti, _c1872 ( _fGiachetti, filio e C.) |
||
| 300 |
_a5 v. ; _c46 cm. |
||
| 505 | 8 | _aI. Teorica -- II. Pitture cimiteriali -- III. Pitture non cimiteriali -- IV. Musaici cimiteriali e non cimiteriali -- V. Sarcofagi ossia sculture cimiteriali | |
| 852 |
_aES-MaACL _jB-9692-96 |
||
| 999 |
_c68563 _d68563 |
||